LEADER 01018nam0-22003011--450- 001 990008169730403321 005 20050726084250.0 035 $a000816973 035 $aFED01000816973 035 $a(Aleph)000816973FED01 035 $a000816973 100 $a20050725d1906----km-y0itay50------ba 101 0 $aita 102 $aIT 105 $ay---n---001yy 200 1 $a<>imposta fondiaria sui terreni in Italia$estoria, critica, riforma$ememoria premiata dalla R. accademia dei Georgofili di Firenze$fMario Marsili Libelli 210 $aFirenze$c[s.n.]$d1906$eFirenze$gTip. Mario Ricci 215 $aVII, 159 p.$din 8° 300 $aEstratto dagli atti della R. accademia dei Georgofili, 5 ser., V. 2 (1905) 676 $a336.22$v12 rid.$zita 700 1$aMarsili Libelli,$bMario$03577 801 0$aIT$bUNINA$gRICA$2UNIMARC 901 $aBK 912 $a990008169730403321 952 $aXIV C 50$b26593$fFGBC 959 $aFGBC 996 $aImposta fondiaria sui terreni in Italia$9736598 997 $aUNINA LEADER 00801nam0-22002771i-450- 001 990003947780403321 035 $a000394778 035 $aFED01000394778 035 $a(Aleph)000394778FED01 035 $a000394778 100 $a20030318d1959----km-y0itay50------ba 101 0 $aeng 200 1 $aTextbook of economics$fby Milton Briggs anf Percy Jordan 205 $a8th ed.$frevised by R.A. Mackness 210 $aLondon$cUniversity Tutorial Press$d1959 215 $a583 p.$cill.$d22 cm 700 1$aBriggs,$bMilton$0139489 701 1$aJordan,$bPercy$0148590 801 0$aIT$bUNINA$gRICA$2UNIMARC 901 $aBK 912 $a990003947780403321 952 $aC/1 BRI$b02971$fSES 952 $aC/1 BRI$b029713$fSES 959 $aSES 996 $aTextbook of economics$9513807 997 $aUNINA